Well Completion Design / (Record no. 13507)
[ view plain ]
| 000 -LEADER | |
|---|---|
| fixed length control field | 00840nam a22001937a 4500 |
| 008 - FIXED-LENGTH DATA ELEMENTS--GENERAL INFORMATION | |
| fixed length control field | 100225t xxu||||| |||| 00| 0 eng d |
| 020 ## - INTERNATIONAL STANDARD BOOK NUMBER | |
| International Standard Book Number | 9780444532107 |
| 082 ## - DEWEY DECIMAL CLASSIFICATION NUMBER | |
| Edition number | 22 |
| Classification number | 622.3381 |
| Item number | BEL |
| 100 ## - MAIN ENTRY--PERSONAL NAME | |
| Numeration | Bellarby, Jonathan. |
| 9 (RLIN) | 11897 |
| 245 ## - TITLE STATEMENT | |
| Title | Well Completion Design / |
| Statement of responsibility, etc | By Jonathan Bellarby. |
| 260 ## - PUBLICATION, DISTRIBUTION, ETC. (IMPRINT) | |
| Place of publication, distribution, etc | Amsterdam ; |
| -- | London; |
| Name of publisher, distributor, etc | Elsevier, |
| Date of publication, distribution, etc | c.2009. |
| 300 ## - PHYSICAL DESCRIPTION | |
| Extent | Xiii, 711 p. : |
| Other physical details | ill. (chiefly col.) ; |
| Dimensions | 25 cm. |
| 440 ## - | |
| -- | ( Developments in petroleum science, |
| -- | ISSN 0376-7361 ; 56 |
| -- | 11898 |
| 500 ## - GENERAL NOTE | |
| General note | Includes Index. |
| 500 ## - GENERAL NOTE | |
| General note | Includes Bibliographical Refrences. |
| 650 ## - SUBJECT ADDED ENTRY--TOPICAL TERM | |
| Topical term or geographic name as entry element | Oil well completion. |
| 9 (RLIN) | 11899 |
| 942 ## - ADDED ENTRY ELEMENTS (KOHA) | |
| Source of classification or shelving scheme | Dewey Decimal Classification |
| Item type | Book - Borrowing |
| Withdrawn status | Item status | Source of classification or shelving scheme | Damaged status | Not for loan | Vendor | Home library | Current library | Shelving location | Date acquired | Source of acquisition | Cost, normal purchase price | Serial Enumeration / chronology | Total Checkouts | Total Renewals | Full call number | Barcode | Date last seen | Date last borrowed | Koha item type |
|---|---|---|---|---|---|---|---|---|---|---|---|---|---|---|---|---|---|---|---|
| Dewey Decimal Classification | Alahram | Central Library | Central Library | First floor | 25/02/2010 | 113.50 | 28 | 8 | 51 | 622.3381 BEL | 000019892 | 15/07/2025 | 04/04/2019 | Book - Borrowing |